Theory and problems of statistics (Record no. 171991)

000 -LEADER
fixed length control field 00377nam a2200145Ia 4500
008 - FIXED-LENGTH DATA ELEMENTS--GENERAL INFORMATION
fixed length control field 220217s9999||||xx |||||||||||||| ||und||
020 ## - INTERNATIONAL STANDARD BOOK NUMBER
International Standard Book Number 0-07-060234-4
082 ## - DEWEY DECIMAL CLASSIFICATION NUMBER
Classification number 519 SPI
100 ## - MAIN ENTRY--PERSONAL NAME
Personal name Spiegel, Murry, R
9 (RLIN) 3473
245 #0 - TITLE STATEMENT
Title Theory and problems of statistics
250 ## - EDITION STATEMENT
Edition statement 2nd
260 ## - PUBLICATION, DISTRIBUTION, ETC.
Place of publication, distribution, etc. Schamus series
Name of publisher, distributor, etc. New York
Date of publication, distribution, etc. 1998
300 ## - PHYSICAL DESCRIPTION
Other physical details 670
650 ## - SUBJECT ADDED ENTRY--TOPICAL TERM
Topical term or geographic name entry element MATHEMATICS
Holdings
Withdrawn status Lost status Damaged status Not for loan Collection code Home library Current library Shelving location Date acquired Full call number Barcode Date last seen Price effective from Koha item type
        Humanity Science Central Library Central Library Reference 02/18/2022 519 SPI 7180 02/18/2022 02/18/2022 Books

Powered by Koha